[Event "BCF-chT3 0809 (4NCL)"]
[Site "Hinckley Island"]
[Date "2008.12.06"]
[Round "3.1"]
[White "Crouch, Colin S"]
[Black "Edwards, Alan"]
[Result "1-0"]
[WhiteElo "2359"]
[BlackElo "2087"]
[PlyCount "67"]
[EventDate "2008.10.18"]
[EventType "team-swiss"]
[EventRounds "11"]
[EventCountry "ENG"]
[SourceTitle "EXT 2010"]
[Source "ChessBase"]
[SourceDate "2010.11.25"]
[SourceVersion "1"]
[SourceVersionDate "2010.11.25"]
[SourceQuality "1"]
[WhiteTeam "Braille Chess Association"]
[BlackTeam "Leicester II"]
[WhiteTeamCountry "ENG"]
[BlackTeamCountry "ENG"]

1. d4 Nf6 2. Nf3 e6 3. c4 b6 4. g3 Bb7 5. Bg2 Bb4+ 6. Nbd2 0-0 7. a3 Bxd2+ 8. Bxd2 d6 9. 0-0 Nbd7 10. b4 Ne4 11. Be1 f5 12. a4 Qe7 13. a5 Ng5 14. d5 Nxf3+ 15. exf3 e5 16. Bc3 Nf6 17. Re1 Qf7 18. b5 Nd7 19. Qc2 a6 20. bxa6 Bxa6 21. Bb2 Bb7 22. axb6 Nxb6 23. f4 exf4 24. gxf4 Rxa1 25. Bxa1 Nd7 26. Re3 Bc8 27. Qe2 Nf6 28. Re7 Qg6 29. Rxc7 Re8 30. Rxc8 Rxc8 31. Qe6+ Kf8 32. Qxc8+ Ne8 33. h3 Qh5 34. Kh2 1-0

[Event "BCF-chT4 0607 (4NCL)"]
[Site "Sunningdale"]
[Date "2007.02.11"]
[Round "6.4"]
[White "Gruettner, Ralf"]
[Black "Edwards, Alan"]
[Result "0-1"]
[WhiteElo "2067"]
[BlackElo "2123"]
[PlyCount "44"]
[EventDate "2006.09.16"]
[EventType "team"]
[EventRounds "11"]
[EventCountry "ENG"]
[SourceTitle "EXT 2008"]
[Source "ChessBase"]
[SourceDate "2007.11.25"]
[SourceVersion "1"]
[SourceVersionDate "2007.11.25"]
[SourceQuality "1"]
[WhiteTeam "Athenaeum"]
[BlackTeam "Leicester"]
[WhiteTeamCountry "ENG"]
[BlackTeamCountry "ENG"]

1. d4 Nf6 2. c4 e6 3. Nc3 Bb4 4. Bg5 h6 5. Bh4 c5 6. d5 Bxc3+ 7. bxc3 d6 8. e3 Qe7 9. Nf3 e5 10. Be2 Bf5 11. Nd2 g5 12. Bg3 Nbd7 13. f3 Bg6 14. h4 0-0-0 15. Qa4 Kb8 16. 0-0-0 Nh5 17. Bf2 e4 18. Rde1 Qe5 19. Nxe4 Bxe4 20. fxe4 Ng3 21. Rh3 Nxe4 22. Bg1 Qxc3+ 0-1